• 首页
  • 本馆介绍
  • 公告通知
  • 最新文献
  • 馆藏检索
  • 电子资源
  • 读者导购
  • 参考咨询
  • 我的图书馆
  • 登录
  • 详细信息显示
  • 放入我的书架
  • 预约/预借图书
  • 作者相关作品
  • 分类相关作品
  • 丛书相关作品
  • 出版社相关作品

书目信息

  • 表格格式
  • 工作单格式
  • 卡片格式
题名:
数学专业教学大纲
    
 
作者:
分册:  
出版信息: 北京   北京师范大学出版社  1984
页数: 93页
开本: 19cm
丛书名:
单 册:
中图分类: G652.3
科图分类:
主题词: 数学-教学大纲 , 教学大纲-数学 , 教育--各级
电子资源:
ISBN:
000 00689nam0 2200265 45
001 0184002536
005 20040429153629.2
010    @dCNY0.35
091    @a13243.58
100    @a19950706d1984 em y0chiy0121 ea
101 0  @achi
102    @aCN@b110000
105    @ay z 000yy
106    @ar
200 10 @a数学专业教学大纲@Ashu xue zhuan ye jiao xue da gang@e试用本
210    @a北京@c北京师范大学出版社@d1984
215    @a93页@d19cm
300    @a中学教师进修高等师范专科
606    @a数学-教学大纲
606    @a教学大纲-数学
606 0  @a教育@x各级
690    @aG652.3
801  0 @aCN@b上海图书馆@c20040429
801  2 @aCN@bNLC@c20040429
905    @f1@b219858@dG652.3@e14
    
    数学专业教学大纲:试用本.-北京:北京师范大学出版社,1984
    93页;19cm
    中学教师进修高等师范专科
    
    ISBN :CNY0.35
    
●
相关链接 在E读中查询图书 在五车中查询图书 在当当中查询图书 在豆瓣中查询图书


正题名:数学专业教学大纲     索取号:G652.3/14         预约/预借

序号 登录号 条形码 馆藏地/架位号 状态 备注
1 0125526   001001329   密集书库/ [索取号:G652.3/14] 在馆    
2 0125527   001001310   第一样本阅览室/ [索取号:G652.3/14] 在馆    
3 0219858   001002211   密集书库/ [索取号:G652.3/14] 在馆    
唐山师范学院图书馆 欢迎您!
大连网信软件有限公司© 版权所有